000 00422nam a2200181Ia 4500
001 18003
005 20260306171558.0
008 260306s9999||||xx |||||||||||||| ||und||
041 _aESP
082 _a658.3112
_bP89
100 _aPuchol, Luis
_eAUT
245 0 _aEl libro del curriculum vitae
260 _c2004
300 _a141 páginas :
_c21 cm.
650 _aGEN
654 _aCAN
942 _cLIB
_dJUS
_fJUS
_2ddc
_n
999 _c18003
_d18003